Žŷvot i tvorčost' Dr. Nykolaja Beskyda

Bibliographic Details
Main Author: Beskyd, Gabriel, 1929- (Author)
Format: Article
Language:Ukrainian
ISBN:966-7838-86-2
Subjects:

MARC

LEADER 00000nab a2200000 a 4500
001 vtls010627248
003 SK-MaSNL
005 20260318114711.0
008 171110c2005 xo kr 000 c0ukr
015 |a SNBRA2014/10 
038 |a SVKPOCL 
040 |a SVKPOCL  |b slo  |c SVKPOCL  |e AACR2 
041 0 |a ukr 
044 |a xo  |c SK 
080 |a 80(=16)+908(4)  |2 2001 
080 |a 80(=161.25)+908(477)  |2 2001 
080 |a 930-051  |2 2001 
080 |a 82.0-051  |2 2001 
080 |a 81'1-051  |2 2001 
080 |a 323.15(=161.25)(437.6)  |2 2001 
080 |a 929 Beskyd, Mikuláš  |2 2001 
080 |a (048.8)  |2 2001 
100 1 |a Beskyd, Gabriel,  |d 1929-  |4 aut  |9 644632 
245 1 0 |a Žŷvot i tvorčost' Dr. Nykolaja Beskyda  |c Havryjil Beskyd 
504 |a Bibliogr. odkazy 
600 1 7 |a Beskyd, Mikuláš,  |d 1883-1947  |2 svkpocl  |9 174519 
650 0 7 |a osobnosti  |2 snkbucl  |9 29820 
650 0 7 |a historici  |2 svkpocl  |9 54543 
650 0 7 |a literárni vedci  |2 svkpocl  |9 220855 
650 0 7 |a osobnosti  |2 svkpocl  |9 29820 
650 0 7 |a slavistika  |2 svkpocl  |9 4282 
650 0 7 |a rusinistika  |2 svkpocl  |9 90871 
650 0 7 |a lingvisti  |2 svkpocl  |9 119182 
650 0 7 |a život a dielo  |2 svkpocl  |9 276287 
651 7 |a Boldogkőváralja (Maďarsko)  |2 svkpocl  |9 28392 
651 7 |a Košice (Slovensko)  |2 svkpocl  |9 18694 
655 7 |a štúdie  |2 svkpocl  |9 57033 
655 7 |a biografie  |2 svkpocl  |9 27965 
773 0 |a Beskyd, Gabriel, 1929- [ed.]  |t Nykolaj Beskyd na blaho Rusyniv  |d Užhorod : Vŷdavatel'stvo V. Padjaka, 2005  |g S. 7-22  |z 966-7838-86-2 
852 |a SVKPO  |b KIS3GCP 
958 |a RN 
958 |a SK 
958 |a LX 
958 |a BX 
958 |a SS 
999 |c 3287798  |d 3289728